| 000 | 01435cam a2200349 i 4500 | ||
|---|---|---|---|
| 001 | 52355 | ||
| 003 | Mx-PuUPA | ||
| 005 | 20220209102854.0 | ||
| 008 | 140415s2000 mx gr 001 0 spa d | ||
| 020 | _a970184225I | ||
| 040 |
_aMX-PuUPA _bspa _erda _cMx-PuUPA _dMx-PuUPA |
||
| 041 | 0 | _aspa | |
| 245 | 0 | 0 |
_aRecetario veracruzano de cuaresma y navidad / _cprólogo y selección, Esther Hernández Palacios, Jorge Lobillo, Georgina Trigos y Dominguez, Azucena del Alba Vásquez Velasco. |
| 250 | _aPrimera edición | ||
| 264 | 3 | 1 |
_aMéxico, D.F. : _bConsejo Nacional para la Cultura y las Artes, _bDirección General de Culturas Populares e Indígenas, _c2000 |
| 300 |
_a146 páginas ; _c21 cm. |
||
| 336 |
_atexto _2rdacontent _btxt |
||
| 337 |
_asin medio _2rdamedia _bn |
||
| 338 |
_avolumen _2rdacarrier _bnc |
||
| 490 | 0 |
_aCocina indígena y popular ; _v12 |
|
| 650 | 7 |
_aCocina mexicana _zVeracruz _2armarc |
|
| 650 | 4 |
_aCocina indígena _zVeracruz |
|
| 700 | 1 |
_aHernández Palacios, Esther, _d1952- _eprologuista _95451 |
|
| 700 | 1 |
_aLobillo, Jorge, _eprologuísta |
|
| 700 | 1 |
_aTrigos y Dominguez, Georgina, _eProloguista |
|
| 700 | 1 |
_aVásquez Velasco, Azucena del Alba, _eprologuista |
|
| 942 |
_2ddc _cLI _h641.5926872 _iC6412 _h641.566097262 _iR294 _h641.566097262 _iR294 |
||
| 999 |
_c52355 _d52355 |
||